| 000 | 00752nam a2200241 a 4500 | ||
|---|---|---|---|
| 001 | 55344 | ||
| 003 | BD-RjUL | ||
| 005 | 20211209080242.0 | ||
| 008 | 161115s1960 nyuc 000 0 eng | ||
| 035 | _a(BD-RjUL)55466 | ||
| 040 |
_aDLC _dBD-RjUL _dDLC _beng _cBD-RjUL |
||
| 041 | _aeng | ||
| 082 |
_223 _a901.9 _bCHW 1960 |
||
| 100 | 1 |
_aChilde, V. Gordon _q(Vere Gordon), _d1892-1957. _9164873 |
|
| 245 | 1 | 0 |
_aWhat happened in history / _cby Gordon Childe. |
| 260 |
_aLondon : _bMax Parrish, _c1960. |
||
| 300 |
_a150 p. : _bill. ; _c18 cm. |
||
| 500 | _a"First published December 1942. Reprinted 1943." | ||
| 650 | 0 |
_aCivilization, Ancient. _9151764 |
|
| 650 | 0 |
_aHistory, Ancient. _9164874 |
|
| 650 | 0 |
_aPrehistoric peoples. _9164875 |
|
| 942 |
_2ddc _cBK |
||
| 999 |
_c55344 _d55344 |
||